Statistics for Miraculous ladybug girls pictures

Click here to take the quiz!

General Stats

  • This quiz has been taken 41 times
  • The average score is 9 of 13

Answer Stats

Answer% Correct
Chloe
100%
Marinette
100%
Rose
94%
Alya
83%
Sabrina
83%
Zoe
78%
Alix
75%
Juleka
75%
Kagami
75%
Lila
67%
Mylene
61%
FeiWu
17%
Jessica
14%

Score Distribution

Percentile by Number Answered

Percent of People with Each Score

Your Score History

You have not taken this quiz